5 by 10 Grab Bag 2014 Quiz Stats

 Plays Quiz not verified by Sporcle

Challenge
Share
Tweet
Embed
Score 0/50 Timer 12:00
0 Plays Today
% Correct
A
93.4%
An
89.1%
To
86.1%
For
84.8%
It's
84.7%
Make
84.6%
Hutch
84.3%
Dawn
82%
Hint
78.6%
Honor
76.2%
Romeo & Juliet
75.3%
Farrah Fawcett
74.9%
Critic
74.7%
Andrew Jackson
74.2%
Assassination
73.2%
Owen Wilson
72.2%
Renée Zellweger
69.9%
Champion
69%
Andrew Carnegie
68.3%
Andrew Lloyd Webber
67.9%
Moonbeam
65.1%
Quiz
64.3%
Amadeus
63%
Rant
59%
Prince Andrew, Duke of York
52.8%
% Correct
Matthew McConaughey
51.6%
Grovel
47.9%
Drew
47.2%
Jungle Book
46.6%
Impartial
45.5%
Andrew 'Andy' Murray
43.6%
Andrew 'Dice' Clay
43%
Majestic
42.9%
Andrew Luck
39%
The Tempest
38.6%
Richard III
38.3%
1776
34.3%
The Importance of Being Earnest
32.6%
The Madness of George III
32.2%
F. Murray Abraham
32%
Fess Parker
31.1%
Peri Gilpin
25.2%
The Lion in Winter
21.9%
Andrew Ridgeley
21%
Andrew McCutchen
20.7%
Eli Wallach
18.8%
Marcia Gay Harden
18.7%
Andrew Wyeth
17.3%
Tartuffe
11.2%
John Hillerman
10.6%

You're not logged in!

Compare scores with friends on all Sporcle quizzes.
OR
Log In

You Might Also Like...

Show Comments

Extras

Top Quizzes Today


Score Distribution

Your Account Isn't Verified!

In order to create a playlist on Sporcle, you need to verify the email address you used during registration. Go to your Sporcle Settings to finish the process.

Report this User

Report this user for behavior that violates our Community Guidelines.

Details: